| 000 | 00492nam a22001457a 4500 | ||
|---|---|---|---|
| 008 | 230531b |||||||| |||| 00| 0 eng d | ||
| 040 |
_aNational Science Library _cNational Science Library |
||
| 080 |
_a615.78(082.2) _bK6.1 |
||
| 245 |
_aCNS drugs: _bA symposium held at the regional research laboratory Hyderabad, India |
||
| 260 |
_aNew Delhi: _bCouncil of Scientific & Industrial Research, _c367p. |
||
| 300 | _a367p. | ||
| 650 | _aDrugs | ||
| 653 | _aResearch | ||
| 942 |
_2udc _cREF |
||
| 999 |
_c37055 _d37055 |
||